Fiestas del Pilar 1944 / Centro Aragonés de Barcelona
Descripción Física:
[14] p. ; 21 cm
MARC
| LEADER | 00000nam a2200000Ia 4500 | ||
|---|---|---|---|
| 001 | 21878 | ||
| 008 | 160829s1944 xx 000 0 cat d | ||
| 080 | |a FU-45-64 | ||
| 100 | |a Centro Aragonés de Barcelona |9 21575 | ||
| 245 | |a Fiestas del Pilar 1944 / Centro Aragonés de Barcelona | ||
| 260 | |a [Barcelona] : |b Gráficas Iris, |c 1944 | ||
| 300 | |a [14] p. ; |c 21 cm | ||
| 590 | |a Programa de la festa. | ||
| 590 | |a Prové de 4592, exp. 110 | ||
| 650 | |a Festes |x Espanya |9 47964 | ||
| 650 | |a Festa Nacional d'Espanya |9 47965 | ||
| 856 | 4 | |u https://media.diba.cat/diba/fitxers/arxiu/fulletons/bib_21878_1944_baixa.pdf |y Accés lliure | |
| 856 | 4 | |u https://media.diba.cat/diba/fitxers/arxiu/fulletons/bib_21878_1944_baixa.pdf |y Accés lliure | |
| 901 | |a Arxiu | ||
| 942 | |n 1 |2 udc | ||
| 952 | |0 0 |1 0 |4 0 |6 FU4564 |7 1 |9 54240 |a Arxiu |b Arxiu |d 2016-12-01 |l 0 |o FU-45-64 |p 21878 |r 2016-12-01 00:00:00 |w 2016-12-01 |y ARXIU | ||
| 999 | |c 58109 |d 58109 | ||
| 900 | |a bib_21878_1944_baixa.pdf | ||